Illyés hetvenhét világa

Elmentve itt :
Bibliográfiai részletek
Szerző: Ternován Péterné
További közreműködők: Baricz Zsolt (Témavezető)
Dokumentumtípus: Szakdolgozat
Megjelent: 2004
Tárgyszavak:
Online Access:http://diploma.bibl.u-szeged.hu/112295
LEADER 00690nta a2200181 i 4500
001 dipl112295
005 20210416131731.0
008 210407s2004 hu om 0|| zxx d
040 |a SZTE Diploma Repozitórium  |b hun 
041 |a zxx 
100 1 |a Ternován Péterné 
245 1 0 |a Illyés hetvenhét világa  |h [elektronikus dokumentum] /  |c Péterné Ternován 
260 |c 2004 
650 4 |a Pedagógusképzés 
650 4 |a Library science 
700 1 |a Baricz Zsolt  |e ths 
856 4 0 |u http://diploma.bibl.u-szeged.hu/id/eprint/112295/1/2004_ternovan_peterne.pdf  |z Dokumentum-elérés  
856 4 0 |u http://diploma.bibl.u-szeged.hu/id/eprint/112295/2/2004_ternovan_peterne_melleklet.zip  |z Dokumentum-elérés